Loading...

Tulip in the desert A selection of the poetry of Muhammad Iqbal

Bibliographic Details
Main Author: Iqbal,Muhammad
Other Authors: Mir,Mustansir,Tr
Format: Printed Book
Published: Hyderabad Orient longman 2000
LEADER 00550 a2200145 4500
020 |a 8125017313 
082 |a 891.431 IQB/T 
100 |a Iqbal,Muhammad 
245 |a Tulip in the desert  |b A selection of the poetry of Muhammad Iqbal  |c Muhammad Iqbal; translated by Mustansir Mir 
260 |a Hyderabad  |b Orient longman  |c 2000 
300 |a 158p. 
700 |a Mir,Mustansir,Tr. 
942 |c BK 
999 |c 255497  |d 255497 
952 |0 0  |1 0  |4 0  |6 891_431000000000000_IQB_T  |7 0  |9 284299  |a RUS  |b RUS  |c ST1  |d 2010-09-28  |g 0.00  |i 5270  |l 0  |o 891.431 IQB/T  |p RUS5270  |r 2014-02-14  |w 2014-02-14  |y BK